| 000 | 00404nam a2200133Ia 4500 | ||
|---|---|---|---|
| 005 | 20260328101520.0 | ||
| 008 | 260328s9999||||xx |||||||||||||| ||und|| | ||
| 100 | _aSerrano Camargo, Gabriel | ||
| 245 | 0 |
_aEdificaciones deportivas / _cGabriel Serrano Camargo |
|
| 260 | _bAsociación de Arquitectos Egresados de la Universidad Nacional | ||
| 300 | _a86 p. | ||
| 650 | _aARQUITECTURA DEPORTIVA | ||
| 942 | _cBK | ||
| 999 |
_c9560 _d9560 |
||